<?xml version="1.0" encoding="UTF-8"?>
<record
    xmlns:xsi="http://www.w3.org/2001/XMLSchema-instance"
    xsi:schemaLocation="http://www.loc.gov/MARC21/slim http://www.loc.gov/standards/marcxml/schema/MARC21slim.xsd"
    xmlns="http://www.loc.gov/MARC21/slim">

  <leader>00807nam a2200205Ia 4500</leader>
  <controlfield tag="003">IN-BaIIA</controlfield>
  <controlfield tag="008">211028s9999    xx            000 0 eng d</controlfield>
  <datafield tag="020" ind1=" " ind2=" ">
    <subfield code="a">0-7354-0014-8</subfield>
  </datafield>
  <datafield tag="040" ind1=" " ind2=" ">
    <subfield code="c">IIA Library</subfield>
  </datafield>
  <datafield tag="080" ind1=" " ind2=" ">
    <subfield code="a">523(082.2)</subfield>
    <subfield code="b">AST</subfield>
  </datafield>
  <datafield tag="111" ind1=" " ind2=" ">
    <subfield code="a">Conference on Astrophysical Sources for Ground Based Gravitational Wave Detectors</subfield>
    <subfield code="c">Philadelphia</subfield>
    <subfield code="d">2000</subfield>
    <subfield code="9">25758</subfield>
  </datafield>
  <datafield tag="245" ind1=" " ind2="0">
    <subfield code="a">Astrophysical sources for ground based gravitational wave detectors</subfield>
    <subfield code="b">proceedings of conference held in Philadelphia, 30 October-1 November 2000</subfield>
    <subfield code="c">edited by J. M. Centrella</subfield>
  </datafield>
  <datafield tag="260" ind1=" " ind2=" ">
    <subfield code="a">New York</subfield>
    <subfield code="b">American Institute of Physics</subfield>
    <subfield code="c">2001</subfield>
  </datafield>
  <datafield tag="490" ind1=" " ind2=" ">
    <subfield code="a">AIP conference proceedings; v. 575</subfield>
  </datafield>
  <datafield tag="650" ind1=" " ind2=" ">
    <subfield code="a">Astrophysics</subfield>
    <subfield code="9">794</subfield>
  </datafield>
  <datafield tag="650" ind1=" " ind2=" ">
    <subfield code="a">Gravitation</subfield>
  </datafield>
  <datafield tag="650" ind1=" " ind2=" ">
    <subfield code="a">Wave detector</subfield>
    <subfield code="9">25759</subfield>
  </datafield>
  <datafield tag="700" ind1=" " ind2=" ">
    <subfield code="a">Centrella, J. M., ed.</subfield>
    <subfield code="9">25760</subfield>
  </datafield>
  <datafield tag="942" ind1=" " ind2=" ">
    <subfield code="c">BK</subfield>
  </datafield>
  <datafield tag="999" ind1=" " ind2=" ">
    <subfield code="c">14505</subfield>
    <subfield code="d">14505</subfield>
  </datafield>
  <datafield tag="952" ind1=" " ind2=" ">
    <subfield code="0">0</subfield>
    <subfield code="1">0</subfield>
    <subfield code="4">0</subfield>
    <subfield code="7">0</subfield>
    <subfield code="a">BAN</subfield>
    <subfield code="b">BAN</subfield>
    <subfield code="c">GEN</subfield>
    <subfield code="d">2002-02-19</subfield>
    <subfield code="e">EDS   </subfield>
    <subfield code="g">6410.51</subfield>
    <subfield code="l">0</subfield>
    <subfield code="o">523(082.2)/ AST</subfield>
    <subfield code="p">15427</subfield>
    <subfield code="r">2021-11-05</subfield>
    <subfield code="v">6410.51</subfield>
    <subfield code="w">2002-02-19</subfield>
    <subfield code="y">BK</subfield>
    <subfield code="G">Rs. 6410.51  </subfield>
  </datafield>
</record>
